| 000 | 00595nam a2200181 4500 | ||
|---|---|---|---|
| 999 |
_c6946 _d6946 |
||
| 008 | 151001b xxu||||| |||| 00| 0 eng d | ||
| 020 | _a9780470280768 | ||
| 050 | _aQA 535 .B37 2009 | ||
| 100 | _aBarnett, Raymond A. | ||
| 245 |
_aAnalytic Trigonometry With Applications / _cRaymond A. Barnett [et..al]. |
||
| 250 | _a10th ed. | ||
| 260 |
_aNew Jersey: _bJohn Wiley & Sons, _c2009. |
||
| 300 |
_axv, 528 [71]p.: _bill.; [some col] _c26 cm. |
||
| 504 | _aIncludes index. | ||
| 650 | _aPlane trigonometry. | ||
| 700 | _aZiegler, Micheal R. | ||
| 700 | _aSobecki, Dave | ||
| 700 | _aByleen, Karl E. | ||
| 942 |
_2lcc _cBOOKS _hQA 535 .B37 2009 _02 |
||